| 000 | 00598nam a22001937a 4500 | ||
|---|---|---|---|
| 999 |
_c15533 _d15533 |
||
| 003 | MIRAKIL | ||
| 005 | 20240301114026.0 | ||
| 008 | 240301b tu ||||| |||| 00| 0 tur d | ||
| 020 | _a9770110195002 | ||
| 040 |
_aTR-AnCHP _cTR-AnCHP |
||
| 041 | _aeng | ||
| 082 |
_a197.7 _bU55 2021 |
||
| 090 | _a197.7 U55 2021 | ||
| 245 | 1 | 0 |
_aUnited Nations handbook 2021-22 / _ced. Vanessa Manhire. |
| 260 |
_aNew Zealand : _c2021. |
||
| 650 | 0 |
_97638 _aBirleşmiş Milletler (BM) _xEl kitabı |
|
| 856 | _zDijital Nüshası için Partimizin Kütüphane Sorumlusu ile iletişime geçiniz. | ||
| 942 |
_2ddc _cBKS |
||